Best Fortnite Player by Season - Statistics

General Stats
  • This quiz has been taken 88 times
  • The average score is 11 of 28
Answer Stats
Season Answer % Correct
Season 3 Ninja
85%
Season 9 Bugha
81%
Season 10 Mongraal
79%
Season 7 MrSavage
67%
Season: OG MrSavage
67%
Season 5 Tfue
64%
Season 6 Tfue
64%
Season 8 Clix
63%
C2S3 Tayson
49%
C3S1 Mero
46%
C3S2 Veno
46%
C4S2 Veno
46%
Season 1 TSM Myth
44%
Season 2 TSM Myth
44%
C3S3 Malibuca
43%
C4S4 Cooper
42%
C2S8 Setty
39%
C2S2 Aqua
35%
C4S1 Th0masHD
33%
C3S4 Cold
31%
C4S3 Khanada
21%
C2S4 Reet
21%
C2S1 UnknownxArmy
10%
C2S5 Bucke
6%
Season 4 Cloakzy
6%
C2S7 Cented
4%
C2S6 4zr
3%
C5S1 FadedPigeon47
0%
No matching quizzes found
Score Distribution
Percent of People with Each Score
Percentile by Number Answered
Your Score History
You have not taken this quiz